Štát a právo v postmodernej situácii
Príspevky z konferencie Štát a právo v postmodernej situácii. Medzinárodnú konferenciu organizoval Inštitút štátu a práva SAV v dňoch 18.-20. mája 1997 v Piešťanoch.
Salvato in:
| Natura: | Capitolo di libro |
|---|---|
| Lingua: | slovacco ceco |
| Soggetti: | |
| Tags: |
Nessun Tag, puoi essere il primo ad aggiungerne!!
|
MARC
| LEADER | 00000naa a2200000 4500 | ||
|---|---|---|---|
| 001 | r027549 | ||
| 005 | 20230921125224.7 | ||
| 041 | 0 | |a slo | |
| 041 | 0 | |a cze | |
| 044 | |a SK | ||
| 245 | 1 | 0 | |a Štát a právo v postmodernej situácii |
| 520 | |a Príspevky z konferencie Štát a právo v postmodernej situácii. Medzinárodnú konferenciu organizoval Inštitút štátu a práva SAV v dňoch 18.-20. mája 1997 v Piešťanoch. | ||
| 610 | 2 | 0 | |a právo |
| 610 | 2 | 0 | |a štát |
| 610 | 2 | 0 | |a demokracia |
| 610 | 2 | 0 | |a spoločnosť |